000 00996cam a2200289 a 4500
001 1054786
003 OSt
005 20240626100301.0
008 900827s1991 nyua 001 0 eng
010 _a 90046725
020 _a0673521044 (student ed.)
020 _a0673521516 (teacher ed.)
040 _aDLC
_cMUST
_dDLC
082 0 0 _a337 KRU 1991
100 1 _aKrugman, Paul R.
_97848
245 1 0 _aInternational economics :
_btheory and policy /
_cPaul R. Krugman, Maurice Obstfeld.
250 _a2nd ed.
260 _aNew York, NY :
_bHarperCollins,
_c1991.
300 _axxvi, 682, 30, 12 p. :
_bill. ;
_c24 cm.
500 _aIncludes index.
650 0 _aInternational economic relations.
_91023
650 0 _aInternational finance.
_91014
700 1 _aObstfeld, Maurice.
_97849
906 _a7
_bcbc
_corignew
_d1
_eocip
_f19
_gy-gencatlg
942 _2ddc
_cO_SHELF
999 _c8868
_d8868